Operations management for business excellence : (Record no. 3005)

000 -LEADER
fixed length control field 04036cam a22006258i 4500
006 - FIXED-LENGTH DATA ELEMENTS--ADDITIONAL MATERIAL CHARACTERISTICS--GENERAL INFORMATION
fixed length control field m d | |
007 - PHYSICAL DESCRIPTION FIXED FIELD--GENERAL INFORMATION
fixed length control field cr |||||||||||
008 - FIXED-LENGTH DATA ELEMENTS--GENERAL INFORMATION
fixed length control field 190711s2020 enk ob 001 0 eng
040 ## - CATALOGING SOURCE
Original cataloging agency IMU Kochi Library
Language of cataloging eng
040 ## - CATALOGING SOURCE
Original cataloging agency
Language of cataloging eng
Description conventions rda
020 ## - INTERNATIONAL STANDARD BOOK NUMBER
International Standard Book Number 9780367135997
Qualifying information (ebk)
020 ## - INTERNATIONAL STANDARD BOOK NUMBER
International Standard Book Number 036713599X
020 ## - INTERNATIONAL STANDARD BOOK NUMBER
International Standard Book Number 9780429640711
Qualifying information (electronic bk. : EPUB)
020 ## - INTERNATIONAL STANDARD BOOK NUMBER
International Standard Book Number 0429640714
Qualifying information (electronic bk. : EPUB)
020 ## - INTERNATIONAL STANDARD BOOK NUMBER
International Standard Book Number 9780429643880
Qualifying information (electronic bk. : PDF)
020 ## - INTERNATIONAL STANDARD BOOK NUMBER
International Standard Book Number 0429643888
Qualifying information (electronic bk. : PDF)
020 ## - INTERNATIONAL STANDARD BOOK NUMBER
International Standard Book Number 9780429637544
Qualifying information (electronic bk. : Mobipocket)
020 ## - INTERNATIONAL STANDARD BOOK NUMBER
International Standard Book Number 0429637543
Qualifying information (electronic bk. : Mobipocket)
020 ## - INTERNATIONAL STANDARD BOOK NUMBER
Qualifying information (hbk)
020 ## - INTERNATIONAL STANDARD BOOK NUMBER
Qualifying information (pbk)
041 0# - LANGUAGE CODE
Language code of text/sound track or separate title eng
072 #7 - SUBJECT CATEGORY CODE
Subject category code BUS
Subject category code subdivision 000000
Source bisacsh
072 #7 - SUBJECT CATEGORY CODE
Subject category code BUS
Subject category code subdivision 041000
Source bisacsh
072 #7 - SUBJECT CATEGORY CODE
Subject category code BUS
Subject category code subdivision 087000
Source bisacsh
072 #7 - SUBJECT CATEGORY CODE
Subject category code KJMV5
Source bicssc
082 00 - DEWEY DECIMAL CLASSIFICATION NUMBER
Classification number 658.5
Edition number 23
245 00 - TITLE STATEMENT
Title Operations management for business excellence :
Sub Title building sustainable supply chains /
250 ## - EDITION STATEMENT
Edition statement Fourth edition.
300 ## - PHYSICAL DESCRIPTION
Extent 1 online resource
520 ## - SUMMARY, ETC.
Summary, etc All businesses strive for excellence in today's technology-based environment in which customers want solutions at the touch of a button. This highly regarded textbook provides in-depth coverage of the principles of operations and supply chain management and explains how to design, implement, and maintain processes for sustainable competitive advantage. This text offers a unique combination of theory and practice with a strategic, results-driven approach. Now in its fourth edition, Operations Management for Business Excellence has been updated to reflect major advances and future trends in supply chain management. A new chapter on advanced supply chain concepts covers novel logistics technology, information systems, customer proximity, sustainability, and the use of multiple sales channels. As a platform for discussion, the exploration of future trends includes self-driving vehicles, automation and robotics, and omnichannel retailing. Features include: A host of international case studies and examples to demonstrate how theory translates to practice, including Airbus, Hewlett Packard, Puma, and Toyota. A consistent structure to aid learning and retention: Each chapter begins with a detailed set of learning objectives and finishes with a chapter summary, a set of discussion questions and a list of key terms. Fully comprehensive with an emphasis on the practical, this textbook should be core reading for advanced undergraduate and postgraduate students of operations management and supply chain management. It would also appeal to executives who desire an understanding of how to achieve and maintain excellence' in business. Online resources include lecture slides, a glossary, test questions, downloadable figures, and a bonus chapter on project management.
650 #0 - SUBJECT ADDED ENTRY--TOPICAL TERM
Topical term or geographic name as entry element Production management.
650 #0 - SUBJECT ADDED ENTRY--TOPICAL TERM
Topical term or geographic name as entry element Operations research.
650 #0 - SUBJECT ADDED ENTRY--TOPICAL TERM
Topical term or geographic name as entry element Business logistics.
650 #0 - SUBJECT ADDED ENTRY--TOPICAL TERM
Topical term or geographic name as entry element Strategic planning.
650 #0 - SUBJECT ADDED ENTRY--TOPICAL TERM
Topical term or geographic name as entry element Operations research
Form subdivision Case studies.
650 #0 - SUBJECT ADDED ENTRY--TOPICAL TERM
Topical term or geographic name as entry element Business logistics
Form subdivision Case studies.
650 #7 - SUBJECT ADDED ENTRY--TOPICAL TERM
Topical term or geographic name as entry element BUSINESS & ECONOMICS / General
Source of heading or term bisacsh
650 #7 - SUBJECT ADDED ENTRY--TOPICAL TERM
Topical term or geographic name as entry element BUSINESS & ECONOMICS / Management
Source of heading or term bisacsh
650 #7 - SUBJECT ADDED ENTRY--TOPICAL TERM
Topical term or geographic name as entry element BUSINESS & ECONOMICS / Production & Operations Management
Source of heading or term bisacsh
700 1# - ADDED ENTRY--PERSONAL NAME
Personal name Gardiner, David,
Dates associated with a name 1945-
Relator term
700 1# - ADDED ENTRY--PERSONAL NAME
Personal name Reefke, Hendrik,
Dates associated with a name 1980-
Relator term
856 40 - ELECTRONIC LOCATION AND ACCESS
Uniform Resource Identifier <a href="https://www.taylorfrancis.com/books/9780367135997">https://www.taylorfrancis.com/books/9780367135997</a>
856 42 - ELECTRONIC LOCATION AND ACCESS
Uniform Resource Identifier <a href="http://www.oclc.org/content/dam/oclc/forms/terms/vbrl-201703.pdf">http://www.oclc.org/content/dam/oclc/forms/terms/vbrl-201703.pdf</a>
904 ## - LOCAL DATA ELEMENT D, LDD (RLIN)
CATALOGER Rudra Ranjan
905 ## - LOCAL DATA ELEMENT E, LDE (RLIN)
VERIFIER Rudra Ranjan
942 ## - ADDED ENTRY ELEMENTS (KOHA)
Item type E-Book
264 #1 -
-- Abingdon, Oxon ;
-- New York, NY :
-- Routledge,
-- 2020.
336 ## -
-- text
-- txt
-- rdacontent
337 ## -
-- computer
-- n
-- rdamedia
338 ## -
-- online resource
-- nc
-- rdacarrier
588 ## -
-- OCLC-licensed vendor bibliographic record.

No items available.



Copyright © All Rights Reserved by Indian Maritime University, Kochi Campus.
For any Suggestions/Query Contact to library or Email: library.kochi@imu.ac.in Ph:(0484)-2989402
(Web OPAC Designed by Rudra Ranjan. Maintained by IMU Kochi Library)

Powered by Koha